[Event "La Roda op 50th"]
[Site "La Roda"]
[Date "2024.03.29"]
[Round "4"]
[White "Bustos Bernardo, Samuel"]
[Black "Sonis, Francesco"]
[Result "0-1"]
[WhiteElo "2188"]
[BlackElo "2562"]
[PlyCount "76"]
[EventDate "2024.03.27"]
[EventType "swiss"]
[EventRounds "9"]
[EventCountry "ESP"]
[SourceTitle "CBM 219 Extra"]
[Source "ChessBase"]
[SourceDate "2024.05.31"]
[SourceVersion "1"]
[SourceVersionDate "2024.05.31"]
[SourceQuality "1"]

1. Nf3 c5 2. c4 Nc6 3. d4 cxd4 4. Nxd4 Nf6 5. g3 e6 6. Bg2 Qb6 7. Nb3 d5 8. cxd5 Bb4+ 9. Bd2 exd5 10. 0-0 0-0 11. Be3 Qd8 12. a3 Be7 13. Nc3 Be6 14. Nd4 Qd7 15. Nxc6 bxc6 16. Na4 Bh3 17. Rc1 Bxg2 18. Kxg2 Rfe8 19. Bc5 Rac8 20. Qd4 Bd8 21. Nc3 Bc7 22. Rfd1 Be5 23. Qd3 h5 24. b4 h4 25. Bd4 h3+ 26. Kg1 Ng4 27. Rd2 Bd6 28. Nd1 a5 29. f3 Ne5 30. Bxe5 Rxe5 31. bxa5 Qa7+ 32. Kf1 Qxa5 33. Rdc2 Rce8 34. Rxc6 Rxe2 35. Nc3 Rxh2 36. Kg1 Qa7+ 37. Kxh2 Qf2+ 38. Kxh3 Qxg3# 0-1

[Event "Almansa op-A"]
[Site "Almansa"]
[Date "2022.08.10"]
[Round "1"]
[White "Bustos Bernardo, Samuel"]
[Black "Preciado Mangado, Jose Luis"]
[Result "0-1"]
[WhiteElo "2150"]
[BlackElo "1956"]
[PlyCount "140"]
[EventDate "2022.08.10"]
[EventType "swiss"]
[EventRounds "8"]
[EventCountry "ESP"]
[SourceTitle "CBM 210 Extra"]
[Source "ChessBase"]
[SourceDate "2022.11.30"]
[SourceVersion "1"]
[SourceVersionDate "2022.11.30"]
[SourceQuality "1"]

1. Nf3 Nf6 2. c4 c5 3. Nc3 g6 4. d4 cxd4 5. Nxd4 Nc6 6. e4 Nxd4 7. Qxd4 d6 8. Be3 Bg7 9. Be2 0-0 10. Qd2 Be6 11. 0-0 Rc8 12. b3 a6 13. Rad1 Re8 14. f4 Qa5 15. Bd4 Bg4 16. e5 Bxe2 17. Qxe2 Nd7 18. e6 Bxd4+ 19. Rxd4 Nf6 20. Nd5 Qc5 21. Rfd1 Nxd5 22. exf7+ Kxf7 23. cxd5 e5 24. dxe6+ Rxe6 25. Qf2 Rce8 26. h3 Re1+ 27. Rxe1 Rxe1+ 28. Qxe1 Qxd4+ 29. Qf2 Qc5 30. Kf1 Qc1+ 31. Ke2 Qc6 32. Qf3 Qc2+ 33. Ke3 Qc5+ 34. Kd3 Qb5+ 35. Kd2 Qb4+ 36. Kc2 Qc5+ 37. Kb1 d5 38. f5 Qg1+ 39. Kb2 Qd4+ 40. Ka3 Qc5+ 41. b4 Qc1+ 42. Kb3 Qb1+ 43. Kc3 Qxf5 44. Qg3 Ke6 45. Qh4 Qf6+ 46. Qxf6+ Kxf6 47. Kd4 Ke6 48. a4 b6 49. h4 h6 50. a5 b5 51. g4 g5 52. hxg5 hxg5 53. Kc5 Ke5 54. Kb6 d4 55. Kxa6 d3 56. Kb7 d2 57. a6 d1Q 58. a7 Qd5+ 59. Kb8 Qd8+ 60. Kb7 Kd5 61. a8Q Qxa8+ 62. Kxa8 Kc4 63. Kb7 Kxb4 64. Kc6 Kc4 65. Kd6 b4 66. Ke5 b3 67. Kf5 b2 68. Kxg5 b1Q 69. Kf6 Qh7 70. g5 Qg8 0-1

[Event "Conil op 1st"]
[Site "Conil de la Frontera"]
[Date "2021.07.17"]
[Round "4"]
[White "Bustos Bernardo, Samuel"]
[Black "Espinosa Aranda, Angel"]
[Result "0-1"]
[WhiteElo "2158"]
[BlackElo "2479"]
[PlyCount "42"]
[EventDate "2021.07.15"]
[EventType "swiss"]
[EventRounds "7"]
[EventCountry "ESP"]
[SourceTitle "CBM 203 Extra"]
[Source "ChessBase"]
[SourceDate "2021.09.30"]
[SourceVersion "1"]
[SourceVersionDate "2021.09.30"]
[SourceQuality "1"]

1. Nf3 g6 2. c4 Bg7 3. e4 e5 4. d4 exd4 5. Nxd4 Nf6 6. Nc3 0-0 7. Be2 Re8 8. f3 c6 9. Nc2 d5 10. cxd5 cxd5 11. exd5 Qb6 12. Qd4 Nbd7 13. Qxb6 Nxb6 14. Be3 Nfxd5 15. Nxd5 Nxd5 16. Bd4 Nf4 17. Bxg7 Rxe2+ 18. Kd1 Kxg7 19. g3 Bf5 20. Nd4 Rd8 21. gxf4 Rg2 0-1

[Event "Madrid-ch sf"]
[Site "Madrid"]
[Date "2021.05.11"]
[Round "7"]
[White "Rodriguez Melendez, Juan Humbert"]
[Black "Bustos Bernardo, Samuel"]
[Result "1-0"]
[WhiteElo "2174"]
[BlackElo "2213"]
[PlyCount "71"]
[EventDate "2021.05.05"]
[EventType "swiss"]
[EventRounds "9"]
[EventCountry "ESP"]
[SourceTitle "EXT 2022"]
[Source "ChessBase"]
[SourceDate "2021.10.06"]
[SourceVersion "1"]
[SourceVersionDate "2021.10.06"]
[SourceQuality "1"]

1. e4 c5 2. Nf3 d6 3. d4 cxd4 4. Nxd4 Nf6 5. Nc3 a6 6. Be3 e5 7. Nb3 Be6 8. f3 Be7 9. Qd2 0-0 10. 0-0-0 Nbd7 11. g4 b5 12. g5 b4 13. Nd5 Nxd5 14. exd5 Bf5 15. Kb1 a5 16. Nc1 Qc7 17. Bd3 Bxd3 18. Nxd3 Qb7 19. Nf2 a4 20. Ne4 Ra5 21. Rhg1 Kh8 22. f4 Rc8 23. f5 Rb5 24. Qd3 Bf8 25. Rg2 Nc5 26. Bxc5 dxc5 27. Qc4 b3 28. a3 bxc2+ 29. Rxc2 Rb8 30. Rdd2 Rb3 31. d6 Qd7 32. Ka2 Qxf5 33. Nxc5 Qxg5 34. Qxa4 R3b5 35. Nd7 Qg4 36. Qxg4 1-0

[Event "Madrid-ch sf"]
[Site "Madrid"]
[Date "2021.05.05"]
[Round "1"]
[White "Bustos Bernardo, Samuel"]
[Black "Demerson Joly, Javier"]
[Result "1-0"]
[WhiteElo "2213"]
[BlackElo "1959"]
[PlyCount "73"]
[EventDate "2021.05.05"]
[EventType "swiss"]
[EventRounds "9"]
[EventCountry "ESP"]
[SourceTitle "EXT 2022"]
[Source "ChessBase"]
[SourceDate "2021.10.06"]
[SourceVersion "1"]
[SourceVersionDate "2021.10.06"]
[SourceQuality "1"]

1. Nf3 d5 2. d4 Nf6 3. c4 dxc4 4. e3 Bg4 5. Bxc4 e6 6. Qb3 Bxf3 7. gxf3 c5 8. dxc5 Bxc5 9. Bd2 Nbd7 10. Bc3 Qb6 11. Nd2 Qxb3 12. Bxb3 0-0 13. Rg1 g6 14. Ke2 b5 15. a3 a5 16. Rg5 Rfc8 17. a4 b4 18. Bxf6 Nxf6 19. Rc1 Bb6 20. Rxc8+ Rxc8 21. Rb5 Nd7 22. Nc4 Rc5 23. Nxb6 Rxb5 24. Nxd7 Rb7 25. Ne5 Rc7 26. Kd2 g5 27. Bc4 Rc5 28. f4 Kg7 29. Bb5 gxf4 30. exf4 f6 31. Nc4 Rh5 32. Nxa5 Rxh2 33. Ke3 Rh5 34. Nc6 Rc5 35. Nd4 Kf7 36. a5 e5 37. a6 1-0

[Event "ESP-chT CECLUB Div2"]
[Site "Linares"]
[Date "2020.08.25"]
[Round "2.1"]
[White "Navarro Ortiz de Orruno, Borja"]
[Black "Bustos Bernardo, Samuel"]
[Result "0-1"]
[WhiteElo "2311"]
[BlackElo "2181"]
[PlyCount "100"]
[EventDate "2020.08.24"]
[EventType "team-tourn"]
[EventRounds "6"]
[EventCountry "ESP"]
[SourceTitle "CBM 198 Extra"]
[Source "ChessBase"]
[SourceDate "2020.11.30"]
[SourceVersion "1"]
[SourceVersionDate "2020.11.30"]
[SourceQuality "1"]
[WhiteTeam "Bargas Fundacion Soliss"]
[BlackTeam "Beniajan Duochess CAC II"]
[WhiteTeamCountry "ESP"]
[BlackTeamCountry "ESP"]

1. d4 Nf6 2. Nf3 e6 3. g3 b6 4. Bg2 Bb7 5. 0-0 Be7 6. b3 0-0 7. Bb2 c5 8. dxc5 bxc5 9. c4 d5 10. cxd5 exd5 11. Nc3 d4 12. Na4 Nbd7 13. Rc1 Rc8 14. Ba3 Re8 15. Re1 Bf8 16. Nh4 Ba6 17. Nf3 Qa5 18. Bh3 Rcd8 19. Qd2 Qb5 20. Bf1 Ne4 21. Qc2 Qa5 22. Bb2 Ndf6 23. h3 Nd5 24. Bg2 Nb4 25. Qb1 d3 26. a3 d2 27. axb4 dxe1Q+ 28. Rxe1 Qxb4 29. Ba1 c4 30. Ne5 Nd2 31. Qf5 Rxe5 32. Qxe5 Nxb3 33. Nc3 Be7 34. Rb1 Bf6 35. Qe3 Qb6 36. Qf4 Qa5 37. Nd5 Bxa1 38. Ne7+ Kf8 39. Nc6 Qb6 40. Qh4 Rc8 41. Qe7+ Kg8 42. Bd5 Qc7 43. Qa3 Bb7 44. Ne7+ Qxe7 45. Qxe7 Bxd5 46. Rd1 Bf6 47. Qxa7 c3 48. e4 c2 49. Rf1 Bxe4 50. g4 c1Q 0-1

[Event "Valdepenas U2200 op 2nd"]
[Site "Valdepenas"]
[Date "2020.07.25"]
[Round "1.1"]
[White "Bustos Bernardo, Samuel"]
[Black "Gallego Montes, Antonio"]
[Result "1-0"]
[WhiteElo "2181"]
[BlackElo "1850"]
[PlyCount "53"]
[EventDate "2020.07.25"]
[EventType "swiss (rapid)"]
[EventRounds "7"]
[EventCountry "ESP"]
[SourceTitle "EXT 2024"]
[Source "ChessBase"]
[SourceDate "2023.10.10"]
[SourceVersion "1"]
[SourceVersionDate "2023.10.10"]
[SourceQuality "1"]

1. Nf3 e6 2. c4 d5 3. d4 c6 4. Nc3 Nf6 5. Bg5 Be7 6. e3 0-0 7. Rc1 Nbd7 8. Bd3 dxc4 9. Bxc4 Nb6 10. Bd3 Nfd5 11. Bxe7 Qxe7 12. 0-0 Nxc3 13. Rxc3 Nd5 14. Rc5 f6 15. Qc2 f5 16. Qb3 b6 17. Rxc6 Nb4 18. Rcc1 Nxd3 19. Qxd3 Bb7 20. Ne5 Rac8 21. a3 Qh4 22. f3 g5 23. Qb5 g4 24. Qd7 Qh6 25. f4 Ba6 26. Rfe1 Qf6 27. Qxa7 1-0

[Event "Ciudad Real-ch Men and Seniors"]
[Site "Ciudad Real"]
[Date "2019.07.05"]
[Round "3.5"]
[White "Canizares Cuadra, Pedro"]
[Black "Bustos Bernardo, Samuel"]
[Result "0-1"]
[WhiteElo "1906"]
[BlackElo "2159"]
[PlyCount "60"]
[EventDate "2019.07.04"]
[EventType "swiss"]
[EventRounds "7"]
[EventCountry "ESP"]
[SourceTitle "EXT 2024"]
[Source "ChessBase"]
[SourceDate "2023.10.10"]
[SourceVersion "1"]
[SourceVersionDate "2023.10.10"]
[SourceQuality "1"]

1. e4 c5 2. Nf3 d6 3. d4 cxd4 4. Nxd4 Nf6 5. Nc3 a6 6. Bg5 e6 7. f4 Be7 8. Qf3 h6 9. Bh4 Qc7 10. 0-0-0 Nbd7 11. Bxf6 Bxf6 12. f5 Ne5 13. Qh5 Qc5 14. g4 Nxg4 15. Qxg4 Bxd4 16. Na4 Qe5 17. c3 Be3+ 18. Kb1 b5 19. Qf3 Ba7 20. Bh3 0-0 21. Rhf1 bxa4 22. Qg2 Rb8 23. f6 g6 24. Qd2 Kh7 25. Rf4 g5 26. Rff1 Bb7 27. Rde1 Bxe4+ 28. Ka1 d5 29. Bg2 a3 30. b3 Rfc8 0-1

[Event "Alcorcon Spring op-A 1st"]
[Site "Alcorcon"]
[Date "2019.04.07"]
[Round "3"]
[White "Periotto Miori, Fabrizio Lautaro"]
[Black "Bustos Bernardo, Samuel"]
[Result "1-0"]
[WhiteElo "1634"]
[BlackElo "2178"]
[PlyCount "113"]
[EventDate "2019.03.24"]
[EventType "swiss"]
[EventRounds "9"]
[EventCountry "ESP"]
[SourceTitle "EXT 2020"]
[Source "ChessBase"]
[SourceDate "2019.10.17"]
[SourceVersion "1"]
[SourceVersionDate "2019.10.17"]
[SourceQuality "1"]

1. e4 c5 2. Nf3 d6 3. d4 cxd4 4. Nxd4 Nf6 5. Nc3 a6 6. Bg5 Nbd7 7. f4 Qc7 8. Qf3 h6 9. Bh4 g5 10. fxg5 hxg5 11. Bg3 g4 12. Qf2 b5 13. 0-0-0 Bb7 14. Be2 Rc8 15. Nd5 Qa5 16. Nf5 Qxa2 17. Nxd6+ exd6 18. Nxf6+ Nxf6 19. Qxf6 Bh6+ 20. Bf4 Bxf4+ 21. Qxf4 Qa1+ 22. Kd2 Qxb2 23. Bd3 Qc3+ 24. Ke2 Qe5 25. Qxg4 Rxh2 26. Rxh2 Qxh2 27. Rf1 Qh8 28. Qf4 Qh5+ 29. g4 Qg6 30. e5 Rxc2+ 31. Bxc2 Qxc2+ 32. Ke1 Qc3+ 33. Kd1 Bd5 34. exd6 Bb3+ 35. Ke2 Qc4+ 36. Ke1 Kd7 37. Qe3 Qe6 38. Kf2 Qxe3+ 39. Kxe3 Kxd6 40. Ra1 Ba4 41. Kd4 Kc6 42. g5 Kb6 43. Kc3 a5 44. Kb2 Kc5 45. Rf1 b4 46. Rxf7 Kd6 47. Rf5 Ke6 48. Rxa5 Bd1 49. Ra1 Bf3 50. Rf1 Bd5 51. g6 Ke7 52. g7 Bf7 53. Rf2 Ke8 54. Re2+ Kd7 55. Rg2 Bg8 56. Rf2 Ke7 57. Rf8 1-0

[Event "Alcorcon Spring op-A 1st"]
[Site "Alcorcon"]
[Date "2019.03.31"]
[Round "2"]
[White "Bustos Bernardo, Samuel"]
[Black "Hidari, Walid"]
[Result "1-0"]
[WhiteElo "2178"]
[BlackElo "1695"]
[PlyCount "55"]
[EventDate "2019.03.24"]
[EventType "swiss"]
[EventRounds "9"]
[EventCountry "ESP"]
[SourceTitle "EXT 2020"]
[Source "ChessBase"]
[SourceDate "2019.10.17"]
[SourceVersion "1"]
[SourceVersionDate "2019.10.17"]
[SourceQuality "1"]

1. d4 f5 2. c4 Nf6 3. Nc3 g6 4. h4 Bg7 5. h5 d5 6. h6 Bf8 7. Bg5 Nc6 8. e3 Be6 9. Nh3 Bf7 10. Nf4 dxc4 11. Qa4 Qd7 12. 0-0-0 Nd8 13. Qc2 b5 14. d5 a6 15. f3 Nb7 16. e4 fxe4 17. fxe4 Qg4 18. Nh3 0-0-0 19. Be2 Qd7 20. Rhf1 Bg8 21. Kb1 Nc5 22. Be3 Nb7 23. Bf3 Ng4 24. Bd4 Nf6 25. e5 Nxd5 26. e6 Nxc3+ 27. Bxc3 Qxe6 28. Bxb7+ 1-0

[Event "Madrid-chT 1819"]
[Site "Madrid"]
[Date "2019.02.02"]
[Round "8.4"]
[White "Suarez Uriel, Adrian"]
[Black "Bustos Bernardo, Samuel"]
[Result "0-1"]
[WhiteElo "2403"]
[BlackElo "2148"]
[PlyCount "88"]
[EventDate "2018.11.17"]
[EventType "team-tourn"]
[EventRounds "14"]
[EventCountry "ESP"]
[SourceTitle "CBM 189 Extra"]
[Source "ChessBase"]
[SourceDate "2019.05.31"]
[SourceVersion "1"]
[SourceVersionDate "2019.05.31"]
[SourceQuality "1"]
[WhiteTeam "Collado Villalba"]
[BlackTeam "San Fernando de Henares"]
[WhiteTeamCountry "ESP"]
[BlackTeamCountry "ESP"]

1. e4 e6 2. d4 d5 3. Nc3 Nf6 4. Bg5 Be7 5. e5 Nfd7 6. h4 h6 7. Bxe7 Qxe7 8. f4 a6 9. Nf3 c5 10. Qd2 Nc6 11. 0-0-0 b5 12. dxc5 Nxc5 13. a3 Rb8 14. b4 Na4 15. Nxa4 bxa4 16. Nd4 Nxd4 17. Qxd4 a5 18. c3 0-0 19. g4 Bd7 20. g5 Rfc8 21. Kd2 h5 22. Rb1 Bb5 23. Bxb5 Rxb5 24. bxa5 Rc4 25. Rxb5 Rxd4+ 26. cxd4 Qxa3 27. Rhb1 Qf3 28. R5b4 a3 29. Ra4 Qxf4+ 30. Kc3 Qe3+ 31. Kb4 a2 32. Rxa2 Qxd4+ 33. Kb3 Qc4+ 34. Kb2 d4 35. Rc1 Qb4+ 36. Ka1 d3 37. Rc8+ Kh7 38. Rd8 Qc3+ 39. Kb1 Qe1+ 40. Kb2 d2 41. a6 Qc1+ 42. Kb3 d1Q+ 43. Rxd1 Qxd1+ 44. Kb4 Qb1+ 0-1

[Event "Madrid Chamartin op 7th"]
[Site "Madrid"]
[Date "2018.09.09"]
[Round "9"]
[White "Elissalt Cardenas, Hector"]
[Black "Bustos Bernardo, Samuel"]
[Result "1-0"]
[WhiteElo "2316"]
[BlackElo "2131"]
[PlyCount "65"]
[EventDate "2018.09.03"]
[EventType "swiss"]
[EventRounds "9"]
[EventCountry "ESP"]
[SourceTitle "CBM 187 Extra"]
[Source "ChessBase"]
[SourceDate "2018.11.04"]
[SourceVersion "1"]
[SourceVersionDate "2018.11.04"]
[SourceQuality "1"]

1. c4 Nf6 2. Nc3 c5 3. g3 d5 4. cxd5 Nxd5 5. Bg2 Nc7 6. b3 e5 7. Bb2 Be7 8. Rc1 0-0 9. Nf3 Nd7 10. 0-0 Rb8 11. Qc2 Re8 12. Bh3 f6 13. Nh4 Nf8 14. Nf5 Nce6 15. e3 b6 16. f4 Ba6 17. fxe5 Bd3 18. Qd1 Bxf1 19. Bxf1 Ng6 20. Bc4 Bf8 21. exf6 Qxf6 22. Qc2 Qg5 23. Rf1 Rb7 24. Qe4 Rbb8 25. Bxe6+ Kh8 26. Nd5 b5 27. h4 Nxh4 28. Nxh4 Qxg3+ 29. Ng2 Bd6 30. Ndf4 Bxf4 31. exf4 Rb6 32. f5 Rd8 33. f6 1-0

[Event "Madrid Chamartin op 7th"]
[Site "Madrid"]
[Date "2018.09.04"]
[Round "2"]
[White "Calvo de Castro, Miguel"]
[Black "Bustos Bernardo, Samuel"]
[Result "0-1"]
[WhiteElo "1823"]
[BlackElo "2131"]
[PlyCount "64"]
[EventDate "2018.09.03"]
[EventType "swiss"]
[EventRounds "9"]
[EventCountry "ESP"]
[SourceTitle "CBM 187 Extra"]
[Source "ChessBase"]
[SourceDate "2018.11.04"]
[SourceVersion "1"]
[SourceVersionDate "2018.11.04"]
[SourceQuality "1"]

1. d4 Nf6 2. c4 e6 3. Nf3 b6 4. g3 Bb7 5. Bg2 Be7 6. Nc3 Ne4 7. Qc2 Nxc3 8. bxc3 c5 9. 0-0 Nc6 10. Be3 Na5 11. Nd2 Bxg2 12. Kxg2 0-0 13. f3 Rc8 14. d5 Bf6 15. Bf2 g6 16. e4 Bg7 17. f4 f5 18. e5 d6 19. dxe6 dxe5 20. fxe5 Qe7 21. Nf3 Qxe6 22. Rad1 Rcd8 23. Rxd8 Rxd8 24. Rd1 Rxd1 25. Qxd1 Bxe5 26. Qd8+ Kg7 27. Ng5 Qc6+ 28. Kg1 Bf6 29. Qd2 Nxc4 30. Qf4 Ne5 31. Be3 Qd5 32. c4 Qxc4 0-1